000 00368nam a2200109Ia 4500
008 160909s9999 xx 000 0 und d
100 _aKoetting, Lauren.
245 _aEffect size guidelines for single-subject research designs
260 _bCalifornia State University
_c2016
650 _aEDUC/SPED
856 _uhttp://pqdtopen.proquest.com/doc/1810990475.html?FMT=ABS
999 _c305053
_d305053